00972nam a2200157Ia 450000500170000000800400001704000070005704100080006408200160007210000170008824500160010526000300012130000120015152006390016365000120080220260502115700.0210210b1979 xxu||||| |||| 00| 0 eng d cAL aeng a813.54 LAMD aLouis Lamour aDaybreakers aLondonbCorgi Booksc1979 aiv,156p aOne of the most popular fictional creations of our time, the chronicle of the Sackett family is also one of Louis L’Amour’s crowning achievements—and these two magnificent novels are proof . Sackett A drifter by circumstance, William Tell Sackett hungered for a place he couldn’t name but knew he had to find. South of the Tetons, through a keyhole pass, he found it: a lonely yet beautiful valley—with a fortune in gold. Then he found an even greater treasure: Ange Kerry, a courageous and resourceful woman. But the harsh ways it takes to protect his claim—and their lives—may be the one thing that drives Ange away. aFiction